000 00524nmm a2200169Ia 4500
008 251105s9999||||xx |||||||||||||||||und||
020 _a9789878381824
041 _aspa
100 _aArce, José Luis
245 0 _aTextualidades inadecuadas :
_b Dramaturgia reunida y otros escritos
264 _a[Buenos Aires, Argentina] :
_bEditorial Leviatán,
_c2022
300 _a300 páginas
490 _aTeatro del mundo
650 _aTheater / Drama
856 _uhttps://public.digitaliapublishing.com/a/133994
942 _cCF
999 _c97712
_d97712